Electrical engineering computations by computer graphics aided basic programming (Record no. 581581)
[ view plain ]
| 000 -LEADER | |
|---|---|
| fixed length control field | 00622nam a22001817a 4500 |
| 003 - CONTROL NUMBER IDENTIFIER | |
| control field | CEME |
| 005 - DATE AND TIME OF LATEST TRANSACTION | |
| control field | 20210628205607.0 |
| 008 - FIXED-LENGTH DATA ELEMENTS--GENERAL INFORMATION | |
| fixed length control field | 210308b xxu||||| |||| 00| 0 eng d |
| 020 ## - INTERNATIONAL STANDARD BOOK NUMBER | |
| International Standard Book Number | 81-7029-912-8 |
| 040 ## - CATALOGING SOURCE | |
| Transcribing agency | . |
| 082 ## - DEWEY DECIMAL CLASSIFICATION NUMBER | |
| Classification number | 621.381 CHO'E |
| 100 ## - MAIN ENTRY--PERSONAL NAME | |
| Personal name | Choudhuri, Samiran.Dr Chowdhury, S. P.Dr Chowdhury, Sunetra |
| 9 (RLIN) | 76172 |
| 245 ## - TITLE STATEMENT | |
| Title | Electrical engineering computations by computer graphics aided basic programming |
| 260 ## - PUBLICATION, DISTRIBUTION, ETC. | |
| Place of publication, distribution, etc. | NEW DELHI |
| Name of publisher, distributor, etc. | BPB PUBLICATIONS |
| Date of publication, distribution, etc. | 1997 |
| 300 ## - PHYSICAL DESCRIPTION | |
| Extent | 270P |
| 650 ## - SUBJECT ADDED ENTRY--TOPICAL TERM | |
| Topical term or geographic name entry element | ELECTRICAL ENGINEERING COMPUTATIONS COMPUTER GRAPHICS COMPUTER GRAPHICS-BASIC PROGRAMMING |
| 9 (RLIN) | 76173 |
| 942 ## - ADDED ENTRY ELEMENTS (KOHA) | |
| Koha item type | Book |
| Source of classification or shelving scheme | |
| Withdrawn status | Lost status | Damaged status | Not for loan | Permanent Location | Current Location | Shelving location | Date acquired | Total Checkouts | Full call number | Barcode | Date last seen | Price effective from | Koha item type |
|---|---|---|---|---|---|---|---|---|---|---|---|---|---|
| College of Electrical & Mechanical Engineering (CEME) | College of Electrical & Mechanical Engineering (CEME) | General Stacks | 05/26/2017 | 621.381 CHO'E | CEME-32231 | 06/28/2021 | 06/28/2021 | Book |
